Estatísticas para Quiz do Kosovo

Clique aqui para jogar o quiz

Estatísticas Gerais

  • Esse quiz foi jogado 363 vezes
  • A pontuação média é 11 de 16

Estatísticas das Respostas

DicaResposta% Correto
País que reivindica o KosovoSérvia
95%
O Kosovo é um dos três países reconhecidos pelo JetPunk
que não é um membro desta organização mundial
Organização das
{Nações} {Unidas}
94%
Os outros três países fazendo fronteira com o KosovoAlbânia
90%
Os outros três países fazendo fronteira com o KosovoMacedónia do Norte
90%
Os outros três países fazendo fronteira com o KosovoMontenegro
90%
Parte do Kosovo que quer se separar do KosovoKosovo do {Norte}
80%
País que controlava o Kosovo entre 1918 e 1991Jugoslávia
79%
Império que controlava o Kosovo entre 1455 e 1912Império Otomano
78%
A maioria da população faz parte desta religiãoIslã
75%
Moeda oficialEuro
74%
Capital do KosovoPristina
74%
O Kosovo é o terceiro país mais ____ da Europa,
depois da Moldávia e da Ucrânia
Pobre
70%
Maior grupo étnico e língua mais faladaAlbanês
45%
Segunda maior cidadePrizren
23%
Kosovo tem a quinta maior reserva mundial distoLignito
21%
Reino cujo território abrangia o atual Kosovo antes de
ser conquistado pela Roma em 28 a.C.
Dardânia
16%

Distribuição das Pontuações

Percentil de Números Respondidos

Porcentagem de Pessoas com Cada Pontuação

Sua Pontuação Histórica

Você não jogou esse quiz